00874cam a2200217Mu 450000500170000000800410001702000180005802000150007603500390009104000500013004100080018010000220018824500990021026000600030930000610036949000590043050400530048965000320054265000380057465000440061220150520081742.0150520s2013 xxuad fr 001 0 eng d a9781439815120 a1439815127 a(OCoLC)821565132z(OCoLC)835366752 aCO-BoUCMbspacJose A. GerenadJose A. Gerena0 aeng1 aStroup, Walter W.10aGeneralized linear mixed models bmodern concepts, methods and applications cWalter W. Stroup aBoca Ratón (Florida, Estados Unidos)bCRC pressc2013 axxiii, 529 páginasbilustraciones, cuadros, gráficas0 aChapman & Hall/CRC texts in statistical science series aIncluye referencias bibliográficas e índices 7aEstadística matemática  7aModelos lineales (Estadística)  7aAnálisis estadístico multivariable